000 00542nam a22001697a 4500
008 170125b xxu||||| |||| 00| 0 eng d
020 _a9781259384561
050 _aGB 5014
_b.A22 2014
100 _aAbbott, Patrick L
245 _aNatural disasters /
_cPatrick L. Abbott
250 _a Ninth editon
260 _aNew York :
_bMcGraw Hill,
_c[2014]
300 _a 1 v. (various pagings) :
_billustrations (chiefly color), maps (chiefly color) ;
_c28 cm
500 _a Includes index
650 _aNatural disasters
942 _2lcc
_cBK
999 _c48113
_d48113